000 00572nam a2200229Ia 4500
003 OSt
005 20220926044601.0
006 a|||||r|||| 00| 0
007 ta
008 220923b |||||||| |||| 00| 0 eng d
037 _cGeneral Book
040 _aRTL
_cRTL
_beng
041 _2eng
_aeng
082 _aV5:19.N3, J5
100 _aFay Sidney Bradshaw
245 0 _aOrigins of world war
250 _a2
260 _c1955
650 _aEurope History
_914786
942 _hV5:19.N3, J5
_cGB
_2CC
999 _c675262
_d675262